| 000 | 00781nam a2200229Ii 4500 | ||
|---|---|---|---|
| 003 | JO-AjNU | ||
| 008 | 230605s9999||||xx |||||||||||||| ||und|| | ||
| 017 | _a2003/11846 | ||
| 020 | _a977-01-8625-2 | ||
| 040 |
_aJO-AjNU _bara _erda _cJO-AjNU |
||
| 041 | _aara | ||
| 050 | 1 | 4 | _aBP173.4.A276 2003 |
| 100 | 3 |
_aالأبراشي، محمد عطية, _eauthor _917362 |
|
| 245 | 0 | 0 | _aمكانة المرأة في الإسلام |
| 264 | 3 | 1 | _aالقاهرة: الهيئة المصرية العامة للكتاب، 2003 |
| 300 | _a169ص | ||
| 336 |
_atext _btxt _2rdacontent |
||
| 337 |
_aunmediated _bn _2rdamedia |
||
| 338 |
_avolume _bnc _2rdacarrier |
||
| 490 | 0 | _aسلسلة الاعمال الدينية | |
| 650 | 4 |
_aالاسلام والمرأة- حقوق المرأة _917363 |
|
| 999 |
_aA5347 _c8915 _d8915 |
||